• 首页
  • 本馆介绍
  • 公告通知
  • 最新文献
  • 馆藏检索
  • 电子资源
  • 读者导购
  • 参考咨询
  • 我的图书馆
  • 登录
  • 详细信息显示
  • 放入我的书架
  • 预约/预借图书
  • 作者相关作品
  • 分类相关作品
  • 丛书相关作品
  • 出版社相关作品

书目信息

  • 表格格式
  • 工作单格式
  • 卡片格式
题名:
教学的乐趣
    
 
作者: 法林 著 ;姚晓蒙 , 陈琼琼 , 李梅 译
分册:  
出版信息: 上海   华东师范大学出版社  2009
页数: 12,140页
开本: 24cm
丛书名:
单 册:
中图分类: G642.41
科图分类:
主题词: 高等学校--教学法
电子资源:
ISBN: 978-7-5617-6969-0
000 01093nam0 2200277 450
001 1535171342
005 20150116101045.68
010    @a978-7-5617-6969-0@dCNY22.00
100    @a20090710d2009 em y0chiy50 ea
101 1  @achi@ceng
102    @aCN@b310000
105    @ay z 001yy
200 1  @a教学的乐趣@Ajiao xue de le qu@dThe joy of teaching@e大学新教师实用指南@ea practical guide for new college instructors@f(美)彼得·法林(Peter Filene)著@g姚晓蒙,陈琼琼,李梅译@zeng
210    @a上海@c华东师范大学出版社@d2009
215    @a12,140页@d24cm
330    @a本书汇集了优秀大学教师的教学理念和技能,为大学新教师开始教学生涯提供了有效的指导。
510 1  @aJoy of teaching@ea practical guide for new college instructors@zeng
517 1  @a大学新教师实用指南@9da xue xin jiao shi shi yong zhi nan
606 0  @a高等学校@x教学法
690    @aG642.41@v5
701  0 @c(美)@a法林@Afa lin@c(Filene, Peter)@4著
702  0 @a姚晓蒙@Ayao xiao meng@4译
702  0 @a陈琼琼@Achen qiong qiong@4译
702  0 @a李梅@Ali mei@4译
801  0 @aCN@bTSSF@c20150115
905    @aZUCC@dG642.41@eJY1
    
    教学的乐趣=The joy of teaching:大学新教师实用指南:a practical guide for new college instructors/(美)彼得·法林(Peter Filene)著/姚晓蒙,陈琼琼,李梅译.-上海:华东师范大学出版社,2009
    12,140页;24cm
    
    
    ISBN 978-7-5617-6969-0:CNY22.00
    本书汇集了优秀大学教师的教学理念和技能,为大学新教师开始教学生涯提供了有效的指导。
●
相关链接 在E读中查询图书 在五车中查询图书 在当当中查询图书 在豆瓣中查询图书


正题名:教学的乐趣     索取号:G642.41/JY1         预约/预借

序号 登录号 条形码 馆藏地/架位号 状态 备注
1 7851821   278518212   学院路分馆/ [索取号:G642.41/JY1] 在馆    
2 7851822   278518221   学院路分馆/ [索取号:G642.41/JY1] 在馆    
唐山师范学院图书馆 欢迎您!
大连网信软件有限公司© 版权所有